000 00670nam a22002297a 4500
003 UA-OsUOA
001 76846
007 ta
008 20110826b un ||||| |||| 00| 0 ukr d
090 _a323(477)
_bУ45
942 _cBK
040 _aUA-OsUOA
_bukr
_cUA-OsUOA
_dUA-OsUOA
245 _aУкраїна в 2007 році: внутрішнє і зовнішнє становище та перспективи розвитку
_bекспертна доповідь
300 _a264 с.
955 _a2
041 _aukr
080 _a323(477)
020 _a966-554-116-1
260 _aК.
_bНІСД
_c2007
650 7 _a32 Політика
_2UDC
999 _c363141
_d363141